Find the Central American Countries (Minefield) Quiz Stats

 Plays Quiz Updated Apr 11, 2018

Score 0/7 Timer 01:00
43 Plays Today
% Correct
???
75.2%
???
69.2%
???
65%
???
64.4%
???
62.5%
???
60.2%
???
59.7%

You're not logged in!

Compare scores with friends on all Sporcle quizzes.
Join for Free
OR
Log In

You Might Also Like...

Show Comments

Extras

Top Quizzes Today


Score Distribution

Your Account Isn't Verified!

In order to create a playlist on Sporcle, you need to verify the email address you used during registration. Go to your Sporcle Settings to finish the process.

Report this User

Report this user for behavior that violates our Community Guidelines.

Details: